Derecho internacional público / (Registro nro. 11577)

Detalles MARC
000 -LEADER
fixed length control field 01099nam a2200217Ia 4500
003 - CONTROL NUMBER IDENTIFIER
control field OSt
005 - DATE AND TIME OF LATEST TRANSACTION
control field 20210426144049.0
008 - FIXED-LENGTH DATA ELEMENTS--GENERAL INFORMATION
fixed length control field 210310s2011 ck grl 000 0 spa d
020 ## - INTERNATIONAL STANDARD BOOK NUMBER
International Standard Book Number 9789583508332
040 ## - CATALOGING SOURCE
Original cataloging agency CO-JMCR
Transcribing agency CO-JMCR
041 0# - LANGUAGE CODE
Language code of text/sound track or separate title spa
082 04 - DEWEY DECIMAL CLASSIFICATION NUMBER
Classification number 341 /
Item number M753d
Edition number 23
100 1# - MAIN ENTRY--PERSONAL NAME
Personal name Monroy Cabra, Marco Gerardo,
Relator term autor
9 (RLIN) 25894
245 10 - TITLE STATEMENT
Title Derecho internacional público /
Statement of responsibility, etc. Marco Gerardo Monroy Cabra
260 ## - PUBLICATION, DISTRIBUTION, ETC.
Place of publication, distribution, etc. Bogotá :
Name of publisher, distributor, etc. Temis,
Date of publication, distribution, etc. 2011.
300 ## - PHYSICAL DESCRIPTION
Extent xxxiii, 812 páginas ;
Dimensions 24 cm.
505 ## - FORMATTED CONTENTS NOTE
Formatted contents note Nociones fundamentales de derecho internacional. -- Fuentes del derecho internacional. -- Sujetos del derecho internacional. -- La comunidad internacional y sus miembros. -- Responsabilidad del estado. Protección diplomática y arreglo pacífico de controversias internacionales. -- El derecho internacional de los conflictos armados y la protección internacional de los derechos humanos. -- Acuerdos de integración económica. Litigio Colombo-Venezolano.
650 14 - SUBJECT ADDED ENTRY--TOPICAL TERM
Topical term or geographic name entry element Derecho internacionales
9 (RLIN) 37157
650 24 - SUBJECT ADDED ENTRY--TOPICAL TERM
Topical term or geographic name entry element Relaciones internacionales
9 (RLIN) 37158
942 ## - ADDED ENTRY ELEMENTS (KOHA)
Source of classification or shelving scheme Dewey Decimal Classification
Koha item type Books
Existencias
Withdrawn status Lost status Source of classification or shelving scheme Damaged status Not for loan Home library Current library Shelving location Date acquired Source of acquisition Total Checkouts Full call number Barcode Date last seen Date last checked out Copy number Price effective from Koha item type
    Dewey Decimal Classification     Biblioteca Pública José María del Castillo y Rada Biblioteca Pública José María del Castillo y Rada General Stacks 04/15/2018 Donación 2 341 / M753d 430006751 11/20/2025 11/20/2025 Ej.1 03/10/2021 Books